The World of Psychology / (Record no. 14795)

MARC details
000 -LEADER
fixed length control field 01389cam a2200313 a 4500
001 - CONTROL NUMBER
control field 15936628
005 - DATE AND TIME OF LATEST TRANSACTION
control field 20180205105259.0
008 - FIXED-LENGTH DATA ELEMENTS--GENERAL INFORMATION
fixed length control field 091008s2011 maua frb 001 0 eng d
010 ## - LIBRARY OF CONGRESS CONTROL NUMBER
LC control number 2009041622
020 ## - INTERNATIONAL STANDARD BOOK NUMBER
International Standard Book Number 0205768830
020 ## - INTERNATIONAL STANDARD BOOK NUMBER
International Standard Book Number 9780205768837
035 ## - SYSTEM CONTROL NUMBER
System control number (OCoLC)ocn455871552
040 ## - CATALOGING SOURCE
Original cataloging agency DLC
Language of cataloging eng
Transcribing agency DLC
Modifying agency YDX
-- YDXCP
-- CDX
-- BTCTA
-- DLC
-- EG-ScBUE
082 04 - DEWEY DECIMAL CLASSIFICATION NUMBER
Classification number 150
Item number WOO
Edition number 22
100 1# - MAIN ENTRY--PERSONAL NAME
9 (RLIN) 20643
Personal name Wood, Samuel E.
245 14 - TITLE STATEMENT
Title The World of Psychology /
Statement of responsibility, etc Samuel E. Wood, Ellen Green Wood, Denise Boyd.
246 30 - VARYING FORM OF TITLE
Title proper/short title Psychology
250 ## - EDITION STATEMENT
Edition statement 7th ed.
260 ## - PUBLICATION, DISTRIBUTION, ETC. (IMPRINT)
Place of publication, distribution, etc Boston :
Name of publisher, distributor, etc Allyn and Bacon / Pearson,
Date of publication, distribution, etc c.2011.
300 ## - PHYSICAL DESCRIPTION
Extent 1 v. (various pagings) :
Other physical details ill. (chiefly col.) ;
Dimensions 29 cm.
504 ## - BIBLIOGRAPHY, ETC. NOTE
Bibliography, etc Includes bibliographical references and indexes.
505 0# - FORMATTED CONTENTS NOTE
Formatted contents note Introduction to psychology -- Biology and behavior -- Sensation and perception -- States of consciousness -- Learning -- Memory -- Cognition, language, and intelligence -- Child development -- Adolescence and adulthood -- Motivation and emotion -- Human sexuality and gender -- Health and stress -- Personality theory and assessment -- Psychological disorders -- Therapies -- Social psychology.
650 #7 - SUBJECT ADDED ENTRY--TOPICAL TERM
Topical term or geographic name as entry element Psychology
Form subdivision Textbooks.
Source of heading or term BUEsh
9 (RLIN) 20644
651 ## - SUBJECT ADDED ENTRY--GEOGRAPHIC NAME
Source of heading or term BUEsh
653 ## - INDEX TERM--UNCONTROLLED
Resource For college Humanities: Psychology
Arrived date list November2017
700 1# - ADDED ENTRY--PERSONAL NAME
Personal name Wood, Ellen Green.
9 (RLIN) 20645
700 1# - ADDED ENTRY--PERSONAL NAME
Personal name Boyd, Denise Roberts.
9 (RLIN) 20646
942 ## - ADDED ENTRY ELEMENTS (KOHA)
Source of classification or shelving scheme Dewey Decimal Classification
Holdings
Withdrawn status Item status Source of classification or shelving scheme Damaged status Not for loan Vendor Home library Current library Shelving location Date acquired Source of acquisition Total Checkouts Full call number Barcode Date last seen Date last borrowed Koha item type Total Renewals Materials specified (bound volume or other part) Checked out Cost, normal purchase price Cost, replacement price
    Dewey Decimal Classification     Baccah Central Library Central Library Lower Floor 27/10/2010   21 150 WOO 000021964 15/07/2025 12/11/2013 NB - Book (Non borrowing)          
    Dewey Decimal Classification     Baccah Central Library Central Library Lower Floor 27/10/2010   29 150 WOO 000021968 15/07/2025 08/11/2020 Book - Borrowing 39        
    Dewey Decimal Classification     Baccah Central Library Central Library Lower Floor 27/10/2010   25 150 WOO 000021967 15/07/2025 28/11/2021 Book - Borrowing 62        
    Dewey Decimal Classification     Baccah Central Library Central Library Lower Floor 27/10/2010   18 150 WOO 000021966 16/12/2025 22/11/2020 Book - Borrowing 55        
  Lost Dewey Decimal Classification     Baccah Central Library Central Library Lower Floor 27/10/2010   15 150 WOO 000021965 02/12/2013 10/11/2013 Book - Borrowing 15 Lost In Inventory_2015-8-23      
    Dewey Decimal Classification     Donation-Gift Central Library Central Library Lower Floor 23/10/2013 Donation 9 150 WOO 000029418 10/11/2020 10/11/2020 Book - Borrowing 14   17/11/2020    
    Dewey Decimal Classification     Donation-Gift Central Library Central Library Lower Floor 23/10/2013 Donation 14 150 WOO 000029419 15/07/2025 18/10/2021 Book - Borrowing 17        
    Dewey Decimal Classification     Donation-Gift Central Library Central Library Lower Floor 23/10/2013 Donation 18 150 WOO 000029420 15/07/2025 08/11/2020 Book - Borrowing 13        
  Lost and Paid For Dewey Decimal Classification     Donation-Gift Central Library Central Library Lower Floor 23/10/2013 Donation 3 150 WOO 000029421 13/11/2013 13/11/2013 Book - Borrowing 3     440.00 550.00
    Dewey Decimal Classification     Baccah Central Library Central Library Lower Floor 13/11/2017 Purchase 4 150 WOO 000042453 21/09/2025 11/10/2021 Book - Borrowing 6        
    Dewey Decimal Classification       Central Library Central Library Lower Floor 21/11/2017 Donation 5 150 WOO 000042278 22/09/2024 22/09/2024 Book - Borrowing 3   28/10/2024